000 01094nam a2200253 a 4500
001 000353275
003 AM-YeHGA
005 20250618075827.0
008 040603s1955 us |||||||||||||||||arm|c
040 _aAM-YeHGA
041 0 _aarm
100 1 _aՇահան, Նաթալի,
_d1884-1983
245 1 1 _a«Վերստին յաւելուած»:
_bԱլեքսանդրապոլի դաշնագրի "ինչպէ՞ս"ն ու "ինչո՞ւ"ն : Պաշտոնական վաւերագրերու եւ յուշագրական վկայութիւններու լոյսին տակ /
_cՇահան.
260 _aԲոստոն :
_bտպ. Պայքար,
_c1955.
300 _aՄաս ;
_c20 սմ.
501 _aԱլիգ. 1. Կազմակից է՝ Շահան՝ Երեւանի համաձայնագիրը.-Բոստոն,1941
505 1 0 _gՄ․ Ա (1955, 144 էջ)
650 1 4 _aՀայոց պատմություն
650 1 4 _aԱլեքսանդրապոլի դաշնագիր
650 1 4 _aԱրտաքին քաղաքականություն
_95019
650 1 4 _aՊայմանագրեր
942 _2udc
_cBK
090 _c504057
999 _c500645
_d500645